000 00503nam a2200181Ia 4500
008 090124s9999 xx 000 0 und d
082 _b45456
100 _aपाटील विजया
245 _a सेकंद सेकंद
250 _a1
260 _c2006
300 _a154
600 _aपाटील विजया
630 _a सेकंद सेकंद
700 _aपाटील विजया
730 _a सेकंद सेकंद
942 _cBOOK
999 _c111808
_d111808